[Event "Niedersachsen-ch Seniors"]
[Site "Lehrte"]
[Date "2019.07.25"]
[Round "6"]
[White "Harbusch, Klaus"]
[Black "Backert, Gerhard"]
[Result "0-1"]
[WhiteElo "1672"]
[BlackElo "1720"]
[PlyCount "78"]
[EventDate "2019.07.20"]
[EventType "swiss"]
[EventRounds "7"]
[EventCountry "GER"]
[SourceTitle "EXT 2023"]
[Source "ChessBase"]
[SourceDate "2022.10.05"]
[SourceVersion "1"]
[SourceVersionDate "2022.10.05"]
[SourceQuality "1"]

1. d4 f5 2. Bg5 Nf6 3. Bxf6 exf6 4. e3 d5 5. Bd3 a6 6. Nd2 b5 7. Ne2 Nc6 8. Nf4 g6 9. 0-0 Bd6 10. c3 Ne7 11. b4 Kf7 12. Nb3 c6 13. Nc5 Qc7 14. g3 Bd7 15. Re1 Nc8 16. a4 Nb6 17. a5 Nc4 18. Bxc4 bxc4 19. Qd2 h5 20. Kg2 g5 21. Ne2 h4 22. Rh1 h3+ 23. Kf1 Ra7 24. Re1 Bc8 25. Ng1 f4 26. exf4 gxf4 27. Ne2 fxg3 28. Nxg3 Qd8 29. f3 Re7 30. Rxe7+ Qxe7 31. Kf2 Rh4 32. Ne2 Qf8 33. Qe3 Qd8 34. Ng3 Bf4 35. Qe2 Rh8 36. Qc2 Qe7 37. Re1 Bxg3+ 38. hxg3 Qxe1+ 39. Kxe1 h2 0-1